Rocky Mountain National Park Quiz - Statistics

General Stats
  • This quiz has been taken 18 times
  • The average score is 11 of 16
Answer Stats
Hint Answer % Correct
The above mountain is one of 58 peaks in the state known by what nickname? (Hint: How tall are they?) 14ers
100%
Name for the biome that exists above that point Alpine Tundra
91%
Major river whose headwaters are located in the park Colorado
91%
Event that first brought settlers to answer #5 Pikes Peak {Gold} {Rush}
91%
Native purple wildflower, also the state flower of Colorado Rocky Mountain {Columbine}
91%
After leaving the park, that river flows through three other parks. Name any Arches, Canyonlands, Grand Canyon
82%
Name of the town and nearby lake which provide services to the lesser-visited west side of the park {Grand} Lake
82%
Name for the point around 10,500 feet above which trees cannot grow Timberline
82%
Nearby mountain town that provides most tourist services Estes Park
73%
Mexico-to-Canada trail which passes through the park Continental Divide Trail
64%
Highest peak in the park Longs Peak
64%
Tiny alpine mammal which is closely related to rabbits and hares Pika
55%
Sub-range of the Rockies that the park is in {Front} Range
45%
Ground-dwelling birds with snowy white plumage in the winter and mottled brown plumage in the summer Ptarmigan
36%
Highest-elevation paved through road in the US {Trail} {Ridge} Road
36%
Iconic east face of answer #2, known as a popular climbing area The Diamond
27%
No matching quizzes found
Score Distribution
Percent of People with Each Score
Percentile by Number Answered
Your Score History
You have not taken this quiz